000 00859nam a2200289Ia 4500
008 160803s9999 xx 000 0 und d
020 _a9780439660433
100 _aSabin, Helen
245 _aHelen Keller, girl of courage /
245 _cby Francene Sabin and Joanne Mattern ; illustrated by Jean Meyer
260 _aNew York :
260 _bScholastic Inc.
260 _c2006
300 _a56 pages :
300 _billustrations ;
300 _c20 cm
500 _aIncludes index.
650 _aDeafblind women -- United States --
650 _aDeafblind women -- United States -- Biography --
650 _aDeafblind women.
650 _aKeller, Helen, -- 1880-1968 --
650 _aKeller, Helen, -- 1880-1968.
650 _xBiography.
650 _xJuvenile literature.
650 _xJuvenile literature.
700 _a730
999 _c298696
_d298696